| 000 | 01122naa a22003137a 4500 | ||
|---|---|---|---|
| 001 | BR8302706 | ||
| 003 | BR-BrBNA | ||
| 005 | 20240918175258.0 | ||
| 007 | ta | ||
| 008 | 230509b bl.||||| |||| 00| 0 por d | ||
| 040 |
_aBR-BrBNA _bpor _cBiblioteca Nacional de Agricultura |
||
| 041 | _a(Pt) | ||
| 072 |
_aE15; E50 _b0230 _bG514 |
||
| 090 | _aE15 BR8302706 | ||
| 100 | 1 | _aSantos, A.F. | |
| 100 | 1 | _aAndrade, J.A. | |
| 111 | 1 |
_a4. Encontro Nacional de Geografia Agraria _cUberlandia, MG (Brazil) _d4-8 Dec 1983 |
|
| 245 | 1 | _aO trabalho da mulher na zona canavieira da Cotinguiba [mao-de-obra, Sergipe, Brasil] | |
| 260 | 3 |
_aUberlandia, MG (Brasil): _c1983. |
|
| 500 | _aComunicacoes do 4. Encontro Nacional de Geografia Agraria Uberlandia, MG (Brasil): 1983. p. 68-77 (BR8302706-AM)E15 | ||
| 650 | _aCANA DE ACUCAR | ||
| 650 | _aLAVOURA | ||
| 650 | _aMAO-DE-OBRA | ||
| 650 | _aCOTINGUIBA | ||
| 650 | _aSERGIPE | ||
| 773 | 0 |
_tComunicacoes do 4. Encontro Nacional de Geografia Agraria _wE15 BR8302706 _gUberlandia, MG (Brasil), 1983. p. 68-77 |
|
| 909 |
_a202404 _bLucia _c55 _dLucia Elande |
||
| 942 |
_cAM _2AGRIS |
||
| 999 |
_c315981 _d315981 |
||